01186nam a2200253 a 4500001001000000003000900010005001700019007000300036008004100039040002500080082001500105110013000120245011800250260003500368300002700403505003000430700004700460700003900507942001400546952012700560952011200687952011800799999001500917000006268DO-SdBNP20250306143522.0ta090827s1983 dr a 000 0 spa d aDO-SdBNPbspacBNPHU axxxbR426c1 aAcademia de Ciencias de la República DominicanabUniversidad Autónoma de Santo DomingobDepartamento de psicología977810aClínica de la conducta :bprimer taller evaluativo /ceditores Josefina Zaiter de Zaglul, Mayra Brea de Cabral. aSanto Domingo, :bUASD,c1983. a94 p. :bil. ;c21 cm.2 aIncluye nota de contenido1 aZáiter Mejía, Alba Josefinaeed.920021 aBrea de Cabral, Mayra,eed.917516 2ddccLBS1 001054708DSaGRbGRcCTd2011-02-22iLF1l0oxxx R426cp6268-30r2020-06-25te. 3w2020-06-25yLFDSZPréstamo en sala 0010718PDaPDbPDcCTd2009-08-27iLF1l0oxxx R426cp6268-10r2020-06-25w2020-06-25yLFPDZNo se presta 0010718PDaPDbPDcCTd2009-08-27iLF1l0oxxx R426cp6268-20r2020-06-25te. 2w2020-06-25yLFPDZNo se presta c6063d6063